| 000 | 00464nam a2200181Ia 4500 | ||
|---|---|---|---|
| 005 | 20250508163205.0 | ||
| 008 | 008 250505s9999 xx 000 0 hin d | ||
| 037 | _aTextual | ||
| 040 |
_aFEDL _beng _cFEDL |
||
| 041 |
_ahin _2eng |
||
| 084 |
_aFH, CHA _qFEDL |
||
| 100 |
_aSharat Chand _9423518 |
||
| 245 | 0 | _aGrahdah | |
| 260 |
_aDelhi, India _bSanmarg Prakashan _c1975 |
||
| 300 | _a268p. | ||
| 942 |
_cTEXL _hFH, CHA |
||
| 999 |
_c1381410 _d1381410 |
||